Pomôže zníženie obsahu biopalív "ozdraviť" verejné financie?

Podpora používania biopalív. Budúcnosť poľnohospodárskeho sektoru. Výroba, dovoz, vývoz a zásoby liehu, poľnohospodárskeho pôvodu (2005-2009). Použitie liehu poľnohospodárskeho pôvodu pre potravinárske účely (2005-2009). Použitie liehu poľnohospodárskeho pôvodu na palivá (2005-2009).

Salvato in:
Dettagli Bibliografici
Autore principale: Zubaľová, Alena, 1959-
Altri autori: Válek, Juraj, 1981-
Natura: Capitolo di libro
Lingua:slovacco
Soggetti:
Tags: Aggiungi Tag
Nessun Tag, puoi essere il primo ad aggiungerne!!

MARC

LEADER 00000nla$a2200000$$$4500
001 0126123
005 20240502072434.7
041 0 |a slo 
044 |a SK 
245 1 0 |a Pomôže zníženie obsahu biopalív "ozdraviť" verejné financie?  |c Alena Zubaľová, Juraj Válek 
520 |a Podpora používania biopalív. Budúcnosť poľnohospodárskeho sektoru. Výroba, dovoz, vývoz a zásoby liehu, poľnohospodárskeho pôvodu (2005-2009). Použitie liehu poľnohospodárskeho pôvodu pre potravinárske účely (2005-2009). Použitie liehu poľnohospodárskeho pôvodu na palivá (2005-2009). 
610 2 0 |a poľnohospodárstvo 
610 2 0 |a palivá 
610 2 0 |a benzín 
610 2 0 |a bioprodukty 
610 2 0 |a bioplyn 
610 2 0 |a lieh 
610 2 0 |a financie verejné 
100 1 |a Zubaľová, Alena, 1959- 
700 1 |a Válek, Juraj, 1981-